Batman Villains by Profession - Statistics

General Stats
  • This quiz has been taken 1,677 times
  • The average score is 10 of 13
Answer Stats
Hint Answer % Correct
District Attorney Two Face
98%
Jewel Thief Catwoman
95%
Cryogenic Scientist Mr. Freeze
88%
Biochemist Poison Ivy
88%
Arkham Asylum Psychiatrist Harley Quinn
86%
Chemist Joker
82%
Scientist specializing in Bats (Chiropterologist) Man Bat
80%
Actor Clayface
75%
Psychologist/Biochemist The Scarecrow
75%
Entrepeneur/Businessman Penguin
70%
Surgeon Hush
54%
Eco-Terrorist Ra's al Ghul
44%
Neuroscientist Mad Hatter
34%
No matching quizzes found
Score Distribution
Percent of People with Each Score
Percentile by Number Answered
Your Score History
You have not taken this quiz